Khảo sát bệnh tuyến trùng trên cây Khoai mỡ và cây Lúa ở vùng canh tác trọng điểm của vùng Đồng bằng Sông Cửu Long : Luận văn tốt nghiêp cao học. Ngành Bảo vệ Thực vật
Nghiên cứu tình hình bệnh tuyến trùng trên cây khoai mỡ từ đó có cơ sở khoa học cho việc nghiên cứu và áp dụng quy trình IMP trên các loại cây trồng này, và đánh giá lại tình hình bệnh tuyến trùng trên cây lúa....
में बचाया:
| मुख्य लेखक: | |
|---|---|
| स्वरूप: | पुस्तक |
| भाषा: | Undetermined |
| प्रकाशित: |
Cần Thơ
Trường Đại học Cần Thơ
2013
|
| विषय: | |
| टैग : |
टैग जोड़ें
कोई टैग नहीं, इस रिकॉर्ड को टैग करने वाले पहले व्यक्ति बनें!
|
| Thư viện lưu trữ: | Trung tâm Học liệu Trường Đại học Cần Thơ |
|---|
| LEADER | 01254nam a2200217Ia 4500 | ||
|---|---|---|---|
| 001 | CTU_185465 | ||
| 008 | 210402s9999 xx 000 0 und d | ||
| 082 | |a 632.9 | ||
| 082 | |b H309 | ||
| 088 | |a 60620112 | ||
| 100 | |a Từ, Ngọc Hiếu | ||
| 245 | 0 | |a Khảo sát bệnh tuyến trùng trên cây Khoai mỡ và cây Lúa ở vùng canh tác trọng điểm của vùng Đồng bằng Sông Cửu Long : | |
| 245 | 0 | |b Luận văn tốt nghiêp cao học. Ngành Bảo vệ Thực vật | |
| 245 | 0 | |c Từ Ngọc Hiếu ; Nguyễn Thị Thu Cúc (cán bộ hướng dẫn) | |
| 260 | |a Cần Thơ | ||
| 260 | |b Trường Đại học Cần Thơ | ||
| 260 | |c 2013 | ||
| 520 | |a Nghiên cứu tình hình bệnh tuyến trùng trên cây khoai mỡ từ đó có cơ sở khoa học cho việc nghiên cứu và áp dụng quy trình IMP trên các loại cây trồng này, và đánh giá lại tình hình bệnh tuyến trùng trên cây lúa. | ||
| 650 | |a Lúa,Bệnh tuyến trùng,Yams,Rice,Nematodes,Khoai mỡ | ||
| 904 | |i Bích Phượng, Trúc | ||
| 980 | |a Trung tâm Học liệu Trường Đại học Cần Thơ | ||